000 00465nam a2200181 a 4500
001 7031
003 CO-ViMGA
008 141112s2004 ck r 000 u spa d
040 _aCO-ViMGA
_bspa
_cCO-ViMGA
082 0 4 _a352.0072 H351
100 1 _aHenao Hidrón, Javier
_96091
245 1 0 _aEl poder municipal
250 _a8a
260 _aMedellín :
_bBiblioteca Jurídica Dike,
_c1996
300 _a416 p
650 1 4 _aMUNICIPIOS - LEGISLACION
942 _2ddc
_cBK
999 _c18996
_d18996